000 00595nam a2200217Ia 4500
008 101110s9999 xx 000 0 und d
041 _aENGLISH
082 _bSR33270
100 _aAnnapurna R; Gabbe Aruna; Nadgauda T. & other
245 _aMathematics and statistics (FYBCom)
260 _c2009
_bChetana Publication, Mumbai
300 _a210
365 _b210
520 _aStats/Maths
546 _aENGLISH
630 _aMathematics and statistics (FYBCom)
650 _aStats/Maths
655 _aStats/Maths
730 _aMathematics and statistics (FYBCom)
942 _cBOOK
999 _c825771
_d825768